| 000 | 005670000a22001930004500 | ||
|---|---|---|---|
| 020 | _a84-7432-948-5 | ||
| 041 | 0 | _aSPA | |
| 082 | 0 | 4 | _aG 320.011 C1871j |
| 100 | 1 | _aCampbell, Tom (1938-) | |
| 245 | 1 | 0 | _aLa justicia : Los principales debates contemporáneos / Tom Campbell ; Silvina Álvarez, Traductora. |
| 260 | _aBarcelona, España : Gedisa | ||
| 300 | _a271 Pág. | ||
| 650 | 1 | 4 | _aCIENCIAS POLITICAS \ JUSTICIA |
| 001 | 522 | ||
| 942 | _cBK | ||
| 999 |
_c32041 _d32041 |
||
| 336 |
_atexto _btxt _2rdacontent |
||
| 337 |
_2rdamedia _asin mediación _bn |
||
| 338 |
_2rdacarrier _avolumen _bnc |
||